| 000 | 00373nam a2200157Ia 4500 | ||
|---|---|---|---|
| 008 | 230917s9999||||xx |||||||||||||| ||und|| | ||
| 020 | _cRS400 | ||
| 040 |
_e12674 _aMAIN |
||
| 041 | _aEnglish | ||
| 082 | _a301.426 R134Q | ||
| 100 | _aRaina, B L | ||
| 245 | 0 | _aAquest for small family | |
| 260 |
_aNew Delhi _bCommon wealth _c1991 |
||
| 300 | _axxiv,357 p. | ||
| 942 | _cBK | ||
| 999 |
_c76011 _d76011 |
||